000 00605cam a2200205 4500500
005 20260329004502.0
041 _afre
042 _adc
100 1 0 _aEnjalbert, Cédric
_eauthor
245 0 0 _aMalaise dans la civilisation
260 _c2020.
500 _a16
690 _aCinéma
690 _aGolshifteh Farahani
690 _aManele Labid
690 _aPrintemps arabe
690 _aTunisie
786 0 _nPhilosophie magazine | 136 | 2 | 2020-02-01 | p. 71-72 | 1951-1787
856 4 1 _uhttps://shs.cairn.info/magazine-philosophie-magazine-2020-2-page-71?lang=fr&redirect-ssocas=7080
999 _c1834363
_d1834363